1M+ First-Level Subdivisions of Asia on a Map - Statistics

General Stats
  • This quiz has been taken 195 times
    46 since last reset
  • The average score is 254 of 461
Answers on the Map
Answers color-coded by a green-red scale on the quiz's map according to % correct below.
 
Answer Stats
Country Type Subdivision % Correct
Yemen 2004 C Governorate Al Hudaydah
100%
Sri Lanka 2024 C Province Eastern
100%
Saudi Arabia 2022 C Region Eastern Province
100%
Japan 2024 E Prefecture Osaka
100%
Kyrgyzstan 2022 C Region Osh
100%
South Korea 2020 C Special City Seoul
100%
Nepal 2021 C Province Sudurpashchim
100%
China 2020 C Region Tibet
100%
Japan 2024 E Prefecture Tokyo
100%
Sri Lanka 2024 C Province Western
100%
United Arab Emirates 2023 E Emirate Abu Dhabi
96%
China 2020 C Municipality Beijing
96%
South Korea 2020 C Metropolitan City Busan
96%
United Arab Emirates 2023 E Emirate Dubai
96%
Pakistan 2023 C Territory Gilgit-Baltistan
96%
Vietnam 2019 C Municipality Hanoi
96%
Vietnam 2019 C Municipality Ho Chi Minh
96%
Japan 2024 E Prefecture Hokkaido
96%
China 2020 C Region Inner Mongolia
96%
Turkey 2022 E Province İzmir
96%
Philippines 2020 C Region National Capital
96%
Israel 2021 E District Northern
96%
Sri Lanka 2024 C Province Northern
96%
North Korea 2008 C Direct-administered City Pyongyang
96%
Myanmar 2024 C State Shan
96%
China 2020 C Municipality Shanghai
96%
Israel 2021 E District Southern
96%
Sri Lanka 2024 C Province Southern
96%
Taiwan 2020 C Municipality Taipei
96%
Kazakhstan 2023 E Region Turkistan
96%
Kazakhstan 2023 E City Almaty
92%
Kazakhstan 2023 E Region Almaty
92%
Iraq 2018 E Governorate Baghdad
92%
Indonesia 2020 C Province Bali
92%
Israel 2021 E District Central
92%
Sri Lanka 2024 C Province Central
92%
Bangladesh 2022 C Division Dhaka
92%
China 2020 C Province Guangdong
92%
Turkey 2022 E Province Istanbul
92%
Afghanistan 2020 P Province Kabul
92%
Japan 2024 E Prefecture Nagasaki
92%
Japan 2024 E Prefecture Okinawa
92%
Saudi Arabia 2022 C Region Riyadh
92%
Indonesia 2020 C Province Special Capital Region of Jakarta
92%
Iran 2023 P Province Tehran
92%
China 2020 C Municipality Tianjin
92%
India 2023 P State Uttar Pradesh
92%
China 2020 C Region Xinjiang Uyghur
92%
Jordan 2021 E Governorate Amman
88%
Turkey 2022 E Province Ankara
88%
Turkey 2022 E Province Antalya
88%
Kazakhstan 2023 E City Astana
88%
Thailand 2019 P Area Bangkok
88%
Kyrgyzstan 2022 C City Bishkek
88%
Bangladesh 2022 C Division Chittagong
88%
China 2020 C Municipality Chongqing
88%
Syria 2021 E Governorate Damascus
88%
India 2023 P State Gujarat
88%
China 2020 C Province Hainan
88%
Israel 2021 E District Jerusalem
88%
Malaysia 2023 E Territory Kuala Lumpur
88%
Japan 2024 E Prefecture Kyoto
88%
Saudi Arabia 2022 C Region Makkah
88%
Oman 2020 C Governorate Muscat
88%
India 2023 P State Punjab
88%
Pakistan 2023 C Province Punjab
88%
Syria 2021 E Governorate Rif Dimashq
88%
Yemen 2004 C Municipality Sana'a
88%
Mongolia 2021 E Municipality Ulaanbaatar
88%
Myanmar 2024 C Region Yangon
88%
Syria 2021 E Governorate Aleppo
84%
Azerbaijan 2019 Cn City Baku
84%
Indonesia 2020 C Province Central Java
84%
Indonesia 2020 C Province Central Sulawesi
84%
India 2023 P Territory Delhi
84%
Indonesia 2020 C Province East Java
84%
China 2020 C Region Guangxi
84%
China 2020 C Province Hebei
84%
Japan 2024 E Prefecture Hiroshima
84%
Pakistan 2023 C Territory Islamabad Capital Territory
84%
Russia 2024 E Territory Krasnoyarsk
84%
India 2023 P State Maharashtra
84%
Indonesia 2020 C Province North Sulawesi
84%
Indonesia 2020 C Province North Sumatra
84%
Russia 2024 E Republic Sakha
84%
China 2020 C Province Shandong
84%
Indonesia 2020 C Province South Sulawesi
84%
Indonesia 2020 C Province South Sumatra
84%
Uzbekistan 2025 E City Tashkent
84%
Uzbekistan 2025 E Region Tashkent
84%
Israel 2021 E District Tel Aviv
84%
Indonesia 2020 C Province West Java
84%
Indonesia 2020 C Province West Sumatra
84%
Indonesia 2020 C Province Aceh
80%
Pakistan 2023 C Province Balochistan
80%
Indonesia 2020 C Province Central Kalimantan
80%
Vietnam 2019 C Municipality Da Nang
80%
Philippines 2020 C Region Davao
80%
Indonesia 2020 C Province East Kalimantan
80%
Japan 2024 E Prefecture Fukuoka
80%
Japan 2024 E Prefecture Fukushima
80%
India 2023 P State Goa
80%
China 2020 C Province Henan
80%
Syria 2021 E Governorate Homs
80%
China 2020 C Special Region Hong Kong
80%
China 2020 C Province Hubei
80%
China 2020 C Province Hunan
80%
South Korea 2020 C Metropolitan City Incheon
80%
India 2023 P State Kerala
80%
Saudi Arabia 2022 C Region Madinah
80%
Myanmar 2024 C Region Mandalay
80%
Cambodia 2019 C Province Phnom Penh
80%
Iran 2023 P Province Sistan and Baluchestan
80%
Indonesia 2020 C Province South Kalimantan
80%
Laos 2023 P Prefecture Vientiane
80%
India 2023 P State West Bengal
80%
Indonesia 2020 C Province West Kalimantan
80%
Indonesia 2020 C Province West Sulawesi
80%
Armenia 2022 C City Yerevan
80%
China 2020 C Province Yunnan
80%
China 2020 C Province Anhui
76%
Turkmenistan 2022 C City Ashgabat
76%
South Korea 2020 C Metropolitan City Daegu
76%
China 2020 C Province Fujian
76%
China 2020 C Province Gansu
76%
Russia 2024 E Region Irkutsk
76%
China 2020 C Province Jiangsu
76%
China 2020 C Province Jiangxi
76%
China 2020 C Province Jilin
76%
India 2023 P State Karnataka
76%
Pakistan 2023 C Province Khyber Pakhtunkhwa
76%
Turkey 2022 E Province Konya
76%
China 2020 C Province Liaoning
76%
Taiwan 2020 C Municipality New Taipei
76%
China 2020 C Region Ningxia
76%
Russia 2024 E Region Novosibirsk
76%
India 2023 P State Odisha
76%
Indonesia 2020 C Province Papua
76%
China 2020 C Province Qinghai
76%
Malaysia 2023 E State Sabah
76%
China 2020 C Province Shaanxi
76%
China 2020 C Province Shanxi
76%
China 2020 C Province Sichuan
76%
Pakistan 2023 C Province Sindh
76%
Indonesia 2020 C Province Southeast Sulawesi
76%
India 2023 P State Tamil Nadu
76%
Georgia 2024 C City Tbilisi
76%
Turkey 2022 E Province Van
76%
India 2023 P State Andhra Pradesh
72%
India 2023 P State Assam
72%
Pakistan 2023 C Territory Azad Jammu and Kashmir
72%
Turkey 2022 E Province Bursa
72%
Thailand 2019 P Province Chiang Mai
72%
Tajikistan 2022 E City Dushanbe
72%
China 2020 C Province Guizhou
72%
South Korea 2020 C Metropolitan City Gwangju
72%
China 2020 C Province Heilongjiang
72%
India 2023 P Territory Jammu and Kashmir
72%
Taiwan 2020 C Municipality Kaohsiung
72%
India 2023 P State Madhya Pradesh
72%
India 2023 P State Rajasthan
72%
United Arab Emirates 2023 E Emirate Sharjah
72%
Indonesia 2020 C Province Special Region of Yogyakarta
72%
Taiwan 2020 C Municipality Taichung
72%
Japan 2024 E Prefecture Aomori
68%
Iraq 2018 E Governorate Basra
68%
Indonesia 2020 C Province Central Papua
68%
Israel 2021 E District Haifa
68%
Afghanistan 2020 P Province Herat
68%
India 2023 P State Himachal Pradesh
68%
Iran 2023 P Province Isfahan
68%
Iran 2023 P Province Kurdistan
68%
Iraq 2018 E Region Kurdistan
68%
Turkmenistan 2022 C Region Mary
68%
Sri Lanka 2024 C Province North Western
68%
Russia 2024 E Region Omsk
68%
Russia 2024 E Territory Primorsky
68%
China 2020 C Province Zhejiang
68%
Russia 2024 E Territory Altai
64%
India 2023 P State Arunachal Pradesh
64%
India 2023 P State Bihar
64%
Russia 2024 E Region Chelyabinsk
64%
India 2023 P State Chhattisgarh
64%
Japan 2024 E Prefecture Chiba
64%
Palestine 2023 P Government Gaza Strip
64%
India 2023 P State Haryana
64%
Russia 2024 E Territory Khabarovsk
64%
Malaysia 2023 E State Malacca
64%
Indonesia 2020 C Province Maluku
64%
India 2023 P State Mizoram
64%
Japan 2024 E Prefecture Nara
64%
Myanmar 2024 C Territory Naypyidaw
64%
Japan 2024 E Prefecture Niigata
64%
Malaysia 2023 E State Sarawak
64%
Taiwan 2020 C Municipality Tainan
64%
India 2023 P State Telangana
64%
South Korea 2020 C Metropolitan City Ulsan
64%
Qatar 2020 C Municipality Ad Dawhah
60%
South Korea 2020 C Province Gyeonggi
60%
Vietnam 2019 C Municipality Haiphong
60%
Indonesia 2020 C Province Highland Papua
60%
Japan 2024 E Prefecture Hyōgo
60%
Japan 2024 E Prefecture Ibaraki
60%
Japan 2024 E Prefecture Iwate
60%
Indonesia 2020 C Province Jambi
60%
India 2023 P State Jharkhand
60%
Malaysia 2023 E State Johor
60%
Japan 2024 E Prefecture Kanagawa
60%
India 2023 P State Nagaland
60%
South Korea 2020 C Province North Jeolla
60%
Indonesia 2020 C Province North Maluku
60%
Japan 2024 E Prefecture Okayama
60%
Indonesia 2020 C Province Riau
60%
Indonesia 2020 C Province Riau Islands
60%
Japan 2024 E Prefecture Saitama
60%
Japan 2024 E Prefecture Shizuoka
60%
South Korea 2020 C Province South Jeolla
60%
Russia 2024 E Region Tomsk
60%
India 2023 P State Uttarakhand
60%
Turkey 2022 E Province Adana
56%
Japan 2024 E Prefecture Aichi
56%
Bangladesh 2022 C Division Barisal
56%
Philippines 2020 C Region Central Luzon
56%
Japan 2024 E Prefecture Gunma
56%
Afghanistan 2020 P Province Kandahar
56%
Bangladesh 2022 C Division Khulna
56%
India 2023 P State Meghalaya
56%
Turkey 2022 E Province Şanlıurfa
56%
Indonesia 2020 C Province Banten
52%
Vietnam 2019 C Municipality Cần Thơ
52%
South Korea 2020 C Metropolitan City Daejeon
52%
Japan 2024 E Prefecture Ehime
52%
Turkey 2022 E Province Gaziantep
52%
Japan 2024 E Prefecture Kagoshima
52%
Japan 2024 E Prefecture Miyazaki
52%
Myanmar 2024 C State Mon
52%
Japan 2024 E Prefecture Nagano
52%
Japan 2024 E Prefecture Ōita
52%
Uzbekistan 2025 E Region Samarqand
52%
Yemen 2004 C Governorate Taiz
52%
Japan 2024 E Prefecture Tochigi
52%
India 2023 P State Tripura
52%
Russia 2024 E Region Tyumen
52%
Uzbekistan 2025 E Region Bukhara
48%
India 2023 P Territory Chandigarh
48%
Turkey 2022 E Province Diyarbakır
48%
Uzbekistan 2025 E Region Fergana
48%
South Korea 2020 C Special Self-Governing Province Gangwon
48%
Japan 2024 E Prefecture Gifu
48%
Indonesia 2020 C Province Gorontalo
48%
Kyrgyzstan 2022 C Region Jalal-Abad
48%
India 2023 P State Manipur
48%
Malaysia 2023 E State Penang
48%
Iran 2023 P Province Qom
48%
Turkey 2022 E Province Samsun
48%
Kazakhstan 2023 E City Shymkent
48%
Bangladesh 2022 C Division Sylhet
48%
Iran 2023 P Province East Azerbaijan
44%
Indonesia 2020 C Province East Nusa Tenggara
44%
Turkey 2022 E Province Hatay
44%
Uzbekistan 2025 E Republic Karakalpakstan
44%
Turkey 2022 E Province Kayseri
44%
Russia 2024 E Area Khanty-Mansi
44%
Iran 2023 P Province Khuzestan
44%
Indonesia 2020 C Province Lampung
44%
Turkey 2022 E Province Mersin
44%
Japan 2024 E Prefecture Mie
44%
Japan 2024 E Prefecture Miyagi
44%
South Korea 2020 C Province North Gyeongsang
44%
India 2023 P Territory Puducherry
44%
Malaysia 2023 E State Selangor
44%
Cambodia 2019 C Province Siem Reap
44%
South Korea 2020 C Province South Gyeongsang
44%
Turkey 2022 E Province Tekirdağ
44%
Iran 2023 P Province West Azerbaijan
44%
Indonesia 2020 C Province West Nusa Tenggara
44%
Uzbekistan 2025 E Region Andijan
40%
Turkey 2022 E Province Aydın
40%
Iran 2023 P Province Fars
40%
Vietnam 2019 C Municipality Huế
40%
Jordan 2021 E Governorate Irbid
40%
Japan 2024 E Prefecture Ishikawa
40%
Turkey 2022 E Province Kahramanmaraş
40%
Myanmar 2024 C State Kayin
40%
Russia 2024 E Region Kemerovo
40%
Iran 2023 P Province Kerman
40%
Turkey 2022 E Province Kocaeli
40%
Japan 2024 E Prefecture Kumamoto
40%
Syria 2021 E Governorate Latakia
40%
Turkey 2022 E Province Muğla
40%
Bangladesh 2022 C Division Mymensingh
40%
South Korea 2020 C Province North Chungcheong
40%
Bangladesh 2022 C Division Rajshahi
40%
Myanmar 2024 C State Rakhine
40%
South Korea 2020 C Province South Chungcheong
40%
Russia 2024 E Region Sverdlovsk
40%
Japan 2024 E Prefecture Yamagata
40%
Japan 2024 E Prefecture Yamaguchi
40%
Saudi Arabia 2022 C Region Asir
36%
Turkey 2022 E Province Balıkesir
36%
Philippines 2020 C Autonomous Region Bangsamoro
36%
Indonesia 2020 C Province Bengkulu
36%
Thailand 2019 P Province Chiang Rai
36%
Thailand 2019 P Province Chonburi
36%
Turkmenistan 2022 C Region Daşoguz
36%
Turkey 2022 E Province Denizli
36%
Philippines 2020 C Region Eastern Visayas
36%
Iran 2023 P Province Golestan
36%
Syria 2021 E Governorate Hama
36%
Yemen 2004 C Governorate Ibb
36%
Kazakhstan 2023 E Region Karagandy
36%
Malaysia 2023 E State Kedah
36%
Malaysia 2023 E State Kelantan
36%
Iran 2023 P Province Kermanshah
36%
Iraq 2018 E Governorate Kirkuk
36%
Turkmenistan 2022 C Region Lebap
36%
Turkey 2022 E Province Manisa
36%
Iraq 2018 E Governorate Najaf
36%
Uzbekistan 2025 E Region Namangan
36%
Philippines 2020 C Region Negros Island
36%
Malaysia 2023 E State Perak
36%
Bangladesh 2022 C Division Rangpur
36%
Turkey 2022 E Province Sakarya
36%
Japan 2024 E Prefecture Shiga
36%
Taiwan 2020 C Municipality Taoyuan
36%
Syria 2021 E Governorate Tartus
36%
Malaysia 2023 E State Terengganu
36%
Uzbekistan 2025 E Region Xorazm
36%
Iran 2023 P Province Yazd
36%
Philippines 2020 C Region Zamboanga Peninsula
36%
Jordan 2021 E Governorate Zarqa
36%
Iraq 2018 E Governorate Al Anbar
32%
Iran 2023 P Province Alborz
32%
Syria 2021 E Governorate Al-Hasakah
32%
Saudi Arabia 2022 C Region Al-Qassim
32%
Iran 2023 P Province Ardabil
32%
Indonesia 2020 C Province Bangka Belitung Islands
32%
Philippines 2020 C Region Cagayan Valley
32%
Vietnam 2019 C Province Cà Mau
32%
Philippines 2020 C Region Cordillera
32%
Yemen 2004 C Governorate Hadramaut
32%
Iran 2023 P Province Hormozgān
32%
Syria 2021 E Governorate Idlib
32%
Uzbekistan 2025 E Region Jizzakh
32%
Myanmar 2024 C State Kachin
32%
Vietnam 2019 C Province Lào Cai
32%
Iran 2023 P Province Mazandaran
32%
Lebanon 2017 E Governorate Mount Lebanon
32%
Uzbekistan 2025 E Region Navoiy
32%
Malaysia 2023 E State Negeri Sembilan
32%
Iraq 2018 E Governorate Nineveh
32%
Malaysia 2023 E State Pahang
32%
Uzbekistan 2025 E Region Qashqadaryo
32%
Myanmar 2024 C Region Sagaing
32%
Laos 2023 P Province Savannakhét
32%
Uzbekistan 2025 E Region Surxondaryo
32%
Thailand 2019 P Province Ubon Ratchathani
32%
Philippines 2020 C Region Western Visayas
32%
Myanmar 2024 C Region Ayeyarwady
28%
Myanmar 2024 C Region Bago
28%
Iran 2023 P Province Bushehr
28%
Philippines 2020 C Region Central Visayas
28%
Syria 2021 E Governorate Deir ez-Zor
28%
Vietnam 2019 C Province Đắk Lắk
28%
Iran 2023 P Province Gilan
28%
Iran 2023 P Province Hamadan
28%
Afghanistan 2020 P Province Helmand
28%
Philippines 2020 C Region Ilocos
28%
Saudi Arabia 2022 C Region Jizan
28%
Iraq 2018 E Governorate Karbala
28%
Tajikistan 2022 E Region Khatlon
28%
Nepal 2021 C Province Koshi
28%
Afghanistan 2020 P Province Kunduz
28%
Vietnam 2019 C Province Nghệ An
28%
Sri Lanka 2024 C Province North Central
28%
Iran 2023 P Province Qazvin
28%
Iran 2023 P Province Razavi Khorasan
28%
Iraq 2018 E Governorate Saladin
28%
Tajikistan 2022 E Region Sughd
28%
Vietnam 2019 C Province Thanh Hóa
28%
Iraq 2018 E Governorate Babil
24%
Afghanistan 2020 P Province Badakhshan
24%
Afghanistan 2020 P Province Baghlan
24%
Nepal 2021 C Province Bagmati
24%
Afghanistan 2020 P Province Balkh
24%
Philippines 2020 C Region Calabarzon
24%
Iran 2023 P Province Chaharmahal and Bakhtiari
24%
Kyrgyzstan 2022 C Region Chuy
24%
Yemen 2004 C Governorate Dhamar
24%
Iraq 2018 E Governorate Dhi Qar
24%
Iraq 2018 E Governorate Diyala
24%
Kuwait 2021 C Governorate Farwaniya
24%
Nepal 2021 C Province Gandaki
24%
Afghanistan 2020 P Province Ghazni
24%
Yemen 2004 C Governorate Hajjah
24%
Kazakhstan 2023 E Region Jambyl
24%
North Korea 2008 C Province Kangwon
24%
Nepal 2021 C Province Karnali
24%
Vietnam 2019 C Province Lâm Đồng
24%
Iran 2023 P Province Lorestan
24%
Nepal 2021 C Province Lumbini
24%
Nepal 2021 C Province Madhesh
24%
Myanmar 2024 C Region Magway
24%
Iran 2023 P Province Markazi
24%
Iraq 2018 E Governorate Maysan
24%
Philippines 2020 C Region Mimaropa
24%
Vietnam 2019 C Province Ninh Bình
24%
Philippines 2020 C Region Northern Mindanao
24%
North Korea 2008 C Province North Hamgyong
24%
North Korea 2008 C Province North Pyongan
24%
Sri Lanka 2024 C Province Sabaragamuwa
24%
Philippines 2020 C Region Soccsksargen
24%
North Korea 2008 C Province South Hamgyong
24%
North Korea 2008 C Province South Pyongan
24%
Thailand 2019 P Province Surat Thani
24%
Myanmar 2024 C Region Tanintharyi
24%
Thailand 2019 P Province Udon Thani
24%
Sri Lanka 2024 C Province Uva
24%
Iraq 2018 E Governorate Wasit
24%
Iran 2023 P Province Zanjan
24%
Iraq 2018 E Governorate Al-Qādisiyyah
20%
Vietnam 2019 C Province An Giang
20%
Philippines 2020 C Region Bicol
20%
Thailand 2019 P Province Buriram
20%
Philippines 2020 C Region Caraga
20%
North Korea 2008 C Province Chagang
20%
Vietnam 2019 C Province Đồng Nai
20%
Vietnam 2019 C Province Đồng Tháp
20%
Vietnam 2019 C Province Gia Lai
20%
Vietnam 2019 C Province Hưng Yên
20%
Vietnam 2019 C Province Khánh Hòa
20%
Thailand 2019 P Province Nakhon Ratchasima
20%
North Korea 2008 C Province North Hwanghae
20%
Vietnam 2019 C Province Phú Thọ
20%
Vietnam 2019 C Province Quảng Ngãi
20%
Thailand 2019 P Province Roi Et
20%
Thailand 2019 P Province Sisaket
20%
Thailand 2019 P Province Songkhla
20%
Vietnam 2019 C Province Sơn La
20%
North Korea 2008 C Province South Hwanghae
20%
Vietnam 2019 C Province Tuyên Quang
20%
Vietnam 2019 C Province Vĩnh Long
20%
Vietnam 2019 C Province Bắc Ninh
16%
Taiwan 2020 C County Changhua
16%
Afghanistan 2020 P Province Faryab
16%
Cambodia 2019 C Province Kandal
16%
Thailand 2019 P Province Khon Kaen
16%
Afghanistan 2020 P Province Nangarhar
16%
Thailand 2019 P Province Nonthaburi
16%
Cambodia 2019 C Province Prey Veng
16%
Vietnam 2019 C Province Quảng Ninh
16%
Thailand 2019 P Province Samut Prakan
16%
Thailand 2019 P Province Surin
16%
Afghanistan 2020 P Province Takhar
16%
Vietnam 2019 C Province Tây Ninh
16%
Vietnam 2019 C Province Thái Nguyên
16%
Vietnam 2019 C Province Hà Tĩnh
12%
Thailand 2019 P Province Nakhon Pathom
12%
Thailand 2019 P Province Nakhon Si Thammarat
12%
Thailand 2019 P Province Pathum Thani
12%
Vietnam 2019 C Province Quảng Trị
12%
No matching quizzes found
Score Distribution
Percent of People with Each Score
Percentile by Number Answered
Your Score History
You have not taken this quiz since the last reset